| 000 | 00492ntaaa2200169 4500 | ||
|---|---|---|---|
| 003 | 01 | ||
| 005 | 20251027201155.0 | ||
| 008 | 0714s1973 ag 01 | ||
| 040 |
_aAR-BaBN _bspa _cAR-BaBN _eaacr _dRIC |
||
| 082 | _a220.1 P93 | ||
| 100 |
_aPrice, Ira Maurice _99539 |
||
| 245 |
_aAncestry of our english Bible. An account of manuscripts, texts and versions of the Bible. / _cIra Maurice Price |
||
| 250 | _a3 ed. | ||
| 650 |
_aBiblia-Versiones _9463 |
||
| 650 |
_aBiblia Inglesa _99111 |
||
| 942 | _cBK | ||
| 999 |
_c5994 _d5994 |
||